000 00259nam a2200097Ia 4500
001 853814
005 20250826174540.0
008 250824s9999 xx 000 0 und d
245 0 _aSENİ İÇİMDEN TERK EDİYORUM
_cKAHRAMAN TAZEOĞLU
260 _bDESTEK YAYINLARI
999 _c853814
_d853814